01574nam a2200337 u 4500001000800000005001700008007001000025008004100035035001200076040001300088041000800101080000800109100003500117245009700152260004300249300001700292520044100309650002900750650003700779650002300816650004900839700005800888700005500946700005601001700004501057856008201102942001301184999001901197502001201216526000801228142622520240129080841.0cr|||||||151106e20120118 spa  a1426225 ccomduadb aspa aPIE10aCano, Daniel4auteaut963199110aDesarrollos móviles para aplicaciones industriales de monitoreo y control (Noviembre 2011) aMedellín :b[sin publicador],c2012. a43 páginas3 aEl plan de negocios de la Empresa SOLID y su servicio Desarrollos Móviles para Aplicaciones Industriales de Monitoreo y Control, servicio que consiste en permitir a las empresas clientes monitorear y controlar ciertas variables de sus plantas de producción desde un dispositivo móvil, ya sea un Smartphone o una Tablet. Este servicio se le presta a las empresas industrializadas, y se iniciaran operaciones en Medellín Colombia. aPlan de negocios9123385 aAplicaciones industriales960337 aSmartphone9188965 aSistema de control y monitoreo remoto95514110aPulgarín Vergara, Sergio Andrés4auteaut963199210aMoreno Escobar, Andrés Esteban4auteaut963199310aGallego Cárdenas, Paula Marcela4thseths938845510aParedes Ramo, Santiago4thseths96319944 uhttps://drive.google.com/file/d/0BwecnWVz7HZoVHU1N0tyVW9BTlU/view?usp=sharing cTESISn0 c724330d724330 b173c17 a175